| 000 | 01958cam a22004694i 4500 | ||
|---|---|---|---|
| 003 | PE-LiUPU | ||
| 005 | 20250731173319.0 | ||
| 008 | 150625s r 000 0 d | ||
| 020 | _a8878390178 | ||
| 035 | _a(Sirsi) i9788878390171 | ||
| 040 |
_aPE-LiUPU _bspa _cPE-LiUPU _erda |
||
| 049 | _aPRUA | ||
| 082 | 0 | 4 |
_a232 _bV77 _221 |
| 100 | 1 |
_aVives Pérez, Pedro Luis, _eautor. |
|
| 245 | 1 | 3 |
_aLa singularidad de Cristo : _bperspectivas convergentes en la cristología católica contemporánea / _cPedro Luis Vives Pérez. |
| 264 | 1 |
_aRoma : _bEditrice Pontificia Università Gregoriana, _c2004. |
|
| 300 |
_a460 páginas ; _c24 centímetros |
||
| 336 |
_atext _2rdacontent |
||
| 337 |
_aunmediated _2rdamedia |
||
| 338 |
_avolume _2rdacarrier |
||
| 490 | 0 |
_aTesi Gregoriana : Serie Teológia ; _v116 |
|
| 505 | 0 | _aIntroducción al planteamiento cristológico de la singularidad de Cristo. -Visión critológica orgánica de la singularidad de Cristo. - Perspectiva Cristocéntrica de la singularidad de Cristo. -Perspectiva salvífica de la singularidad de Cristo. -Perspectiva dogmática de la singularidad de Cristo. -Hacia una síntesis cristológica sobre la singularidad de Cristo. | |
| 526 | _aSEG42 | ||
| 526 | _aSEG41 | ||
| 526 | _aSEG40 | ||
| 526 | _aSEG39 | ||
| 526 | _aP94 | ||
| 526 | _aP87 | ||
| 526 | _aP86 | ||
| 526 | _aP85 | ||
| 526 | _aP77 | ||
| 526 | _aP76 | ||
| 526 | _aP35 | ||
| 600 | 1 | _aJesucristo | |
| 650 | 0 | 4 | _aCristología. |
| 942 |
_2ddc _cBOOK |
||
| 949 |
_a232 V77 _wDEWEY _c1 _i56998 _lCCODEBUL1 _mBUL _p35.00 _r0 _sY _tBOOK _u2015-6-25 _xTEOLOGIA _PP35 _0COMPRA _o.STAFF. Colección General |
||
| 994 |
_aC0 _bPEPRU |
||
| 596 | _a1 | ||
| 999 |
_a232 V77 _wDEWEY _c46131 _i56998 _d46131 _f2021-11-10 _g5 _lCCODEBUL1 _mBUL _p35.00 _q1 _r0 _sY _tBOOK _u2015-6-25 _xTEOLOGIA _PP35 _0COMPRA _o.STAFF. Colección General |
||
| 980 |
_81 _gALBERTO SANCHEZ Responsable de Automatización |
||